Statistics for Spanish Place Words Quiz

Click here to take the quiz!

General Stats

  • This quiz has been taken 36,923 times
  • The average score is 19 of 24

Answer Stats

Spanish English % Correct
CasaHouse
96%
AeropuertoAirport
96%
BibliotecaLibrary
95%
IslaIsland
94%
MuseoMuseum
94%
BancoBank
93%
ParquePark
90%
TeatroTheater
89%
PlayaBeach
87%
CiudadCity
84%
RíoRiver
84%
EscuelaSchool
83%
CastilloCastle
80%
BañoBathroom
79%
IglesiaChurch
76%
CocinaKitchen
76%
MercadoMarket
75%
LagoLake
73%
CalleStreet
70%
PanaderíaBakery
67%
ZapateríaShoe Store
62%
PuebloVillage
61%
Oficina de CorreosPost Office
51%
PuenteBridge
37%

Score Distribution

Percentile by Number Answered

Percent of People with Each Score

Your Score History

You have not taken this quiz